Historia de España / (Record no. 88184)

MARC details
000 -LEADER
campo de control de longitud fija 00705nam a2200217 i 4500
001 - NÚMERO DE CONTROL
campo de control 88184
003 - IDENTIFICADOR DE NÚMERO DE CONTROL
campo de control ES-MaACL
005 - FECHA Y HORA DE LA ÚLTIMA TRANSACCIÓN
campo de control 20230906175821.0
007 - CAMPO FIJO DE DESCRIPCIÓN FÍSICA--INFORMACIÓN GENERAL
campo de control de longitud fija t|
008 - DATOS DE LONGITUD FIJA--INFORMACIÓN GENERAL
campo de control de longitud fija 050103q19001999gw ||||1| ger d
100 1# - ENTRADA PRINCIPAL--NOMBRE DE PERSONA
Nombre de persona Ballester, Rafael.
9 (RLIN) 25006
245 10 - MENCIÓN DEL TÍTULO
Título Historia de España /
Mención de responsabilidad, etc. por Rafael Ballester ; bearbeitete von Ludwig Lahaine.
260 ## - PUBLICACIÓN, DISTRIBUCIÓN, ETC.
Lugar de publicación, distribución, etc. Bielefeld ;
-- Leipzig :
Nombre del editor, distribuidor, etc. Velhagen und Klasing,
Fecha de publicación, distribución, etc. [19--?]
300 ## - DESCRIPCIÓN FÍSICA
Extensión 51 p. ;
Dimensiones 19 cm.
490 1# - MENCIÓN DE SERIE
Mención de serie Samlung spanischer Schulausgaben
500 ## - NOTA GENERAL
Nota general Precede al tít.: Wörterbuch zu Band 15.
700 1# - ENTRADA AGREGADA--NOMBRE PERSONAL
Nombre de persona Lahaine, Ludwig.
9 (RLIN) 69633
830 0# - PUNTO DE ACCESO ADICIONAL DE SERIE-TÍTULO UNIFORME
Título uniforme Samlung spanischer Schulausgaben
9 (RLIN) 231824
852 ## - LOCALIZACIÓN
Ubicación ES-MaACL
Número de control de estantería 1955-F-6
Holdings
Estatus retirado Estado de pérdida Estado de daño No para préstamo Colección Biblioteca de origen Biblioteca actual Ubicación en estantería Fecha de adquisición Fuente de adquisición Total de préstamos Signatura topográfica completa Código de barras Visto por última vez Precio de reemplazo Tipo de ítem Koha
        Colección de folletos Biblioteca del Ateneo de Madrid Biblioteca del Ateneo de Madrid Depósito folletos 17/01/2008     1955-F-6 1092118 23/02/2023 23/02/2023 Folleto